Statistiques concernant Les capitales commençant par des voyelles

Cliquez ici pour prendre le quiz!

Statistiques générales

  • Ce quiz a été pris 383 fois
  • Le résultat moyen est 17 sur 25

Statistiques - réponses

LettresCapitales% Correct
OOslo
85%
Alger
83%
Amsterdam
81%
Ankara
78%
Ottawa
78%
EErevan
75%
Athènes
73%
IIslamabad
72%
Addis-Abeba
70%
Andorre-la-Vieille
70%
Antananarivo
70%
Astana
70%
Asmara
67%
Accra
66%
Oulan-Bator
66%
YYamoussoukro
66%
Asuncion
64%
Yaoundé
63%
Abuja
61%
Amman
61%
Apia
57%
Ouagadougou
54%
Yaren
52%
AAbou Dabi
51%
Achgabat
46%

Distribution des résultats

Percentile par nombre de réponses

% des personnes avec chaque résultat

Votre développement - résultats

Vous n’avez pas pris ce quiz